Fútbol : competiciones continetales de selecciones y olimpiadas /

Gespeichert in:
Bibliographische Detailangaben
1. Verfasser: Velasco Municio, Faustino (autor)
Format: Buch
Sprache:Spanisch
Veröffentlicht: Sevilla, España : Wanceulen, 2003, c2003
Schriftenreihe:(Diversus)
Schlagworte:
Tags: Tag hinzufügen
Keine Tags, Fügen Sie das erste Tag hinzu!

MARC

LEADER 00000nam^a2200000^a^4500
001 000274247
005 20250521000000.0
009 20260310111156.889
020 |a 84-95883-53-8 
037 |a Acervo ITESO - Biblioteca 
041 |a ESP 
082 |a 796. 33466  |b VEL 
100 |a Velasco Municio, Faustino  |e (autor) 
245 1 0 |a Fútbol :  |b competiciones continetales de selecciones y olimpiadas /  |c F. Velasco Municio. 
264 4 |a Sevilla, España :  |b Wanceulen,  |c 2003, c2003 
300 |a 128 p. 
336 |a texto  |b txt  |2 rdacontenido 
337 |a sin mediación  |b n  |2 rdamedio 
338 |a volumen  |b nc  |2 rdasoporte 
440 1 |a (Diversus) 
649 |a XX 
650 |a Futbol -  |x Historia -  |x Tema Principal 
650 |a Deportes -  |x Historia 
910 |a Fondo General 
920 |a Impresos - Libros 
930 |a Colección General 
905 |a 101 
901 |a 0500159410  |b IT1  |c ACC  |u 20250521 
902 |a https://opac.biblio.iteso.mx/vufind/Record/000274247